Northern Iowa: containing hints and information of value to emigrants. (Record no. 51963)
[ view plain ]
| 000 -LEADER | |
|---|---|
| fixed length control field | 00583cam a22001931 4500 |
| 001 - CONTROL NUMBER | |
| control field | rc 01000931 |
| 003 - CONTROL NUMBER IDENTIFIER | |
| control field | DLC |
| 005 - DATE AND TIME OF LATEST TRANSACTION | |
| control field | 20260227111902.0 |
| 008 - FIXED-LENGTH DATA ELEMENTS--GENERAL INFORMATION | |
| fixed length control field | 780308s1858 xx 000 0 eng |
| 010 ## - LIBRARY OF CONGRESS CONTROL NUMBER | |
| LC control number | rc 01000931 |
| 035 ## - SYSTEM CONTROL NUMBER | |
| System control number | (OCoLC)3697506 |
| 040 ## - CATALOGING SOURCE | |
| Original cataloging agency | DLC |
| Transcribing agency | IaGG |
| Modifying agency | DLC |
| 042 ## - AUTHENTICATION CODE | |
| Authentication code | premarc |
| 050 00 - LIBRARY OF CONGRESS CALL NUMBER | |
| Classification number | F621 |
| Item number | .N86 |
| 245 00 - TITLE STATEMENT | |
| Title | Northern Iowa: containing hints and information of value to emigrants. |
| Statement of responsibility, etc. | By a pioneer. |
| 260 ## - PUBLICATION, DISTRIBUTION, ETC. | |
| Place of publication, distribution, etc. | Dubuque, |
| Name of publisher, distributor, etc. | W. A. Adams, printer, |
| Date of publication, distribution, etc. | 1858. |
| 300 ## - PHYSICAL DESCRIPTION | |
| Extent | 39 p. |
| Other physical details | front. (fold map) illus. |
| Dimensions | 22 1/2 cm. |
| 651 #0 - SUBJECT ADDED ENTRY--GEOGRAPHIC NAME | |
| Geographic name | Iowa |
| General subdivision | Description and travel. |
No items available.